| 000 | 01294nam a2200253Ia 4500 | ||
|---|---|---|---|
| 001 | 23722 | ||
| 003 | GE_BSU | ||
| 008 | 181216s||||||||xx |||||||||||||| ||und|| | ||
| 040 | _cGE_BSU | ||
| 080 | _a94(479.22)"14/17 | ||
| 100 | _aჯავახიშვილი, ი. (ივანე, 1876-1940) | ||
| 245 | _aქართველი ერის ისტორია. წ. 4 : XV-XVIII საუკუნეები | ||
| 245 | _cშესავ. წერილი. ს. ყაუხჩიშვილი. | ||
| 260 | _aთბილისი | ||
| 260 | _bთბილ. უნ-ტის გამ-ბა | ||
| 260 | _c1967 | ||
| 300 | _a490 გვ. : 5ფ. ილ. და პორტრ. 24 სმ. | ||
| 300 | _eსაძიებელი: პირთა და გეოგრაფიული სახელები, გვ. 465-483. | ||
| 520 | _aდასაბეჭდად მოამზადა და ივ. ჯავახიშვილის არქივში დაცული მასალით შეავსო სიმ. ყაუხჩიშვილმა | ||
| 541 | _h5ლ. 10თ. | ||
| 653 | _aXV-XVIII საუკუნეები | ||
| 653 | _aქართველი ერის ისტორია. წ. 4 | ||
| 942 | _cBK | ||
| 999 |
_c56606 _d56606 |
||